000 00824 a2200205 4500
020 _a0139010424
020 _a9780139010422
082 0 4 _a681.4
090 _c1431
_d1431
100 1 _aNussbaum, Allen.
245 1 0 _aOptical system design /
_cAllen Nussbaum.
250 _a1st ed.
260 _a[S.l.] :
_bPrentice Hall,
_c1997.
300 _a203 p. ;
_c25 cm.
500 _aHardcover.
520 _aWritten for scientists and engineers in all fields who need to understand the design and use of optical and optoelectronic instruments, ranging from simple to sophisticated. DLC: Geometrical optics.
856 4 0 _3Amazon.com
_uhttp://www.amazon.com/exec/obidos/ASIN/0139010424/chopaconline-20
856 4 0 _3Amazon customer reviews
_uhttp://www.chopac.org/cgi-bin/tools/azrev.pl?q=0139010424
942 _aNBS
_cBK
_k681.4
999 _c343953
_d343953